[Event "CZE-ch"]
[Site "Olomouc"]
[Date "1995.??.??"]
[Round "?"]
[White "Majer, Jiri"]
[Black "Cvek, Robert"]
[Result "1/2-1/2"]
[WhiteElo "2300"]
[BlackElo "2285"]

1.e4 c5 2.c3 Nf6 3.e5 Nd5 4.Nf3 Nc6 5.d4 cxd4 6.Bc4 Nb6 7.Bb3 d6 8.exd6 Qxd6
9.cxd4 Be6 10.O-O Bxb3 11.Qxb3 e6 12.Nc3 Qb4 13.Qc2 Be7 14.a3 Qd6 15.Be3 Nd5
16.Ne4 Qc7 17.Rac1 Qb6 18.Neg5 Bxg5 19.Nxg5 Qd8 20.Ne4 O-O 21.Ng5 Nf6 22.Rfd1 h6
23.Ne4 Nd5 24.Nc5 Qe7 25.b4 a6 26.Qe4 Na7 27.Re1 b6 28.Nd3 Nb5 29.Bxh6 Qf6
30.Be3 Nxa3 31.Ne5 Qe7 32.Bd2 Nb5 33.Ng6 fxg6 34.Qxd5 exd5 35.Rxe7 Nxd4 36.Rcc7 Nf5
37.Red7 Rad8 38.g4 Rxd7 39.Rxd7 Nd4 40.Be3 Nf3+ 41.Kg2 d4 42.Bxd4 Nxd4 43.Rxd4 g5
44.Kg3 Kh7  1/2-1/2

[Event "Komercni Banka op"]
[Site "Olomouc"]
[Date "1995.??.??"]
[Round "9"]
[White "Mohapl, P."]
[Black "Konecny, M."]
[Result "1-0"]
[WhiteElo "2060"]
[BlackElo "1990"]

1.e4 c5 2.c3 Nf6 3.e5 Nd5 4.d4 cxd4 5.cxd4 e6 6.Nf3 b6 7.Bd3 Bb7 8.O-O Be7
9.Nbd2 f5 10.Nc4 O-O 11.a3 Nc6 12.Bb1 g5 13.h3 h6 14.Ne3 Na5 15.b4 Nxe3 16.fxe3 Nc4
17.Bd3 Rc8 18.Qe2 b5 19.Nd2 Bd5 20.e4 fxe4 21.Nxe4 Rxf1+ 22.Kxf1 Qf8+ 23.Kg1 Qg7
24.Bd2 d6 25.Rf1 dxe5 26.dxe5 Bxe4 27.Bxe4 Qxe5 28.Qh5 Qg7 29.Bc3 e5 30.Bd5+ Kh7
31.Rf7  1-0

[Event "Osterskars op"]
[Site "Osterskars"]
[Date "1995.??.??"]
[Round "3"]
[White "Karpatchev, Aleksandr"]
[Black "Bellon Lopez, Juan Manuel"]
[Result "0-1"]
[WhiteElo "2415"]
[BlackElo "2490"]

1.e4 c5 2.c3 Nf6 3.e5 Nd5 4.Nf3 e6 5.Bc4 b6 6.d4 Bb7 7.O-O cxd4 8.Qxd4 Nc6
9.Qg4 Nde7 10.Bg5 Qc7 11.Bxe7 h5 12.Qf4 Bxe7 13.Na3 g5 14.Nb5 Qb8 15.Nxg5 Nxe5
16.Nxf7 Nf3+ 17.Qxf3 Bxf3 18.Nxh8 Qf4 19.Nd4 Bb7 20.Bd3 Qg5 21.g3 Bf6 22.Nb5 Bxh8
23.Nd6+ Ke7 24.Nxb7 Qd5 25.Ba6 Qc6 26.c4 Rb8 27.Rad1 Rxb7 28.Bxb7 Qxb7 29.b3 Qf3
30.h4 Bc3  0-1

[Event "Osterskars op"]
[Site "Osterskars"]
[Date "1995.??.??"]
[Round "5"]
[White "Rausis, Igors"]
[Black "Lechtynsky, Jiri"]
[Result "1-0"]
[WhiteElo "2515"]
[BlackElo "2435"]

1.e4 c5 2.c3 Nf6 3.e5 Nd5 4.Nf3 e6 5.Bc4 d6 6.d4 cxd4 7.cxd4 Nc6 8.O-O Be7
9.exd6 Qxd6 10.Nc3 O-O 11.Re1 Rd8 12.Bb3 Nf6 13.Nb5 Qd7 14.Bf4 a6 15.Nc7 Ra7
16.d5 exd5 17.Rc1 Bf8 18.Ne5 Qxc7 19.Nxc6 Qxf4 20.Nxd8 Bg4 21.f3 Bh5 22.Rc8 Qb4
23.Re2 Bg6 24.Qe1 Qb5 25.Rd2 Bf5 26.Rc1 Qb6+ 27.Qf2 Qxf2+ 28.Kxf2 Be7 29.Bxd5 Bxd8
30.Be4 Bb6+ 31.Ke2  1-0

[Event "HUN-ch U18"]
[Site "Paks"]
[Date "1995.??.??"]
[Round "?"]
[White "Galyas, Miklos"]
[Black "Turzo, Attila"]
[Result "1-0"]
[WhiteElo "2275"]
[BlackElo "2265"]

1.e4 c5 2.c3 Nf6 3.e5 Nd5 4.d4 cxd4 5.Nf3 e6 6.cxd4 d6 7.Bc4 Nc6 8.O-O Be7
9.Qe2 O-O 10.Qe4 Nb6 11.Bd3 g6 12.Bh6 Re8 13.Nc3 Bd7 14.Qf4 dxe5 15.dxe5 Nd5
16.Nxd5 exd5 17.Ng5 Be6 18.Nxe6 fxe6 19.Qg4 Bf8 20.Bxf8 Kxf8 21.f4 Kg7 22.h4 Qb6+
23.Kh1 Qd4 24.Qg3 Ne7 25.Rad1 Qb4 26.Qg4 Nf5 27.Bxf5 exf5 28.Qg5 Rad8 29.Qf6+ Kg8
30.h5 Qe7 31.hxg6 Qxf6 32.gxh7+ Kxh7 33.exf6 Re2 34.Rfe1 Re4 35.Rxe4 fxe4
36.g4 e3 37.Kg2 e2 38.Re1 Kg6 39.g5 Kf5 40.Rxe2 Kxf4 41.f7  1-0

[Event "HUN-ch U18"]
[Site "Paks"]
[Date "1995.??.??"]
[Round "?"]
[White "Galyas, Miklos"]
[Black "Szuk, Balazs"]
[Result "1/2-1/2"]
[WhiteElo "2275"]
[BlackElo "2335"]

1.e4 c5 2.c3 Nf6 3.e5 Nd5 4.d4 cxd4 5.Nf3 Nc6 6.cxd4 d6 7.Bc4 Nb6 8.Bb5 dxe5
9.Nxe5 Bd7 10.Nc3 Nxe5 11.dxe5 Bxb5 12.Nxb5 Qxd1+ 13.Kxd1 Nd5 14.Bd2 a6 15.Nc3  1/2-1/2

[Event "HUN-ch U14"]
[Site "Paks"]
[Date "1995.??.??"]
[Round "?"]
[White "Acs, Peter"]
[Black "Toth, Andras"]
[Result "1/2-1/2"]
[WhiteElo "2240"]
[BlackElo "2180"]

1.e4 c5 2.c3 Nf6 3.e5 Nd5 4.d4 cxd4 5.Nf3 Nc6 6.Bc4 Nb6 7.Bb3 d5 8.exd6 Qxd6
9.O-O Be6 10.Bxe6 Qxe6 11.Nxd4 Qd7 12.Nxc6 Qxc6 13.Be3 e6 14.Nd2 Nd5 15.Qb3 Nxe3
16.fxe3 Bc5 17.Rf3 O-O 18.Qc2 Rad8 19.Raf1 f5 20.Nb3 f4 21.Nd4 Qd5 22.exf4 e5
23.fxe5 Bxd4+ 24.cxd4 Rxf3 25.Rxf3 Qxd4+ 26.Kf1 Qxe5 27.Qb3+ Kh8 28.Qb4 h6
29.Rf8+ Rxf8+ 30.Qxf8+ Kh7 31.Qb4 Qd5 32.a4 Qd3+ 33.Kf2 Qf5+ 34.Ke3 Qg5+
35.Kf3 Qf5+ 36.Ke2 Qd5 37.Qg4 Qe5+ 38.Kd3 Qxb2 39.h4 Qb1+ 40.Ke3 Qg6 41.Qf3 Qb6+
42.Ke2 Qb2+ 43.Kd1 Qa1+ 44.Ke2 Qa2+ 45.Ke1 Qe6+ 46.Kd2 Qd6+ 47.Ke2 Qe7+ 48.Kd2 Qd8+
49.Ke2 Qxh4 50.Qxb7 Qxa4 51.Qb1+ Kg8 52.Qb8+ Kf7 53.Qc7+ Kg6 54.Qd6+ Kh7
55.Qe5 Qg4+ 56.Kf2 Qg6 57.Kg1 a6 58.Qd5 Qb6+ 59.Kh1 a5 60.Qf5+ Kg8 61.Qc8+ Kf7
62.Qf5+ Ke7 63.Qe5+ Kf8 64.Qf5+ Kg8 65.Qc8+ Kh7 66.Qf5+ Qg6 67.Qxa5 h5 68.Qb4 Qg4
69.Qb1+ Kh6 70.Qb6+ Qg6  1/2-1/2

[Event "HUN-ch U18"]
[Site "Paks"]
[Date "1995.??.??"]
[Round "?"]
[White "Szabo, Zsolt Jozsef"]
[Black "Tamas, Norbert"]
[Result "1-0"]
[WhiteElo "2225"]
[BlackElo "2195"]

1.e4 c5 2.c3 Nf6 3.e5 Nd5 4.d4 cxd4 5.Nf3 e6 6.cxd4 Be7 7.Bd3 b6 8.O-O Bb7
9.Bd2 O-O 10.Nc3 Nxc3 11.Bxc3 d5 12.Qe2 Qc8 13.Rac1 Ba6 14.Bb4 Bxd3 15.Qxd3 Qd7
16.Bxe7 Qxe7 17.Rc2 Qb7 18.Ng5 g6 19.Qh3 h5 20.Rfc1 Na6 21.Qf3 Qe7 22.Qe3 Qd7
23.Qf4 Qe7 24.a3 Rad8 25.Rc3 Kg7 26.R1c2 Rd7 27.Qc1 Rfd8 28.Rf3 Rf8 29.Rfc3 Rfd8
30.h4 Rb7 31.Rf3 Rf8 32.Rc8 Rc7 33.Rxc7 Qxc7 34.Rxf7+ Qxf7 35.Nxf7 Rxf7 36.Qc6 Nc7
37.Qd6 Kh7 38.a4 Kg7 39.g3 Kh7 40.Kg2 Kg7 41.f3 Kh7 42.f4 Rg7 43.Kf2 Rf7
44.Ke2 Rg7 45.Kd3 Rf7 46.Kc3 Kg7 47.Kb4 Kh7 48.a5  1-0

[Event "Pardubice op"]
[Site "Pardubice"]
[Date "1995.??.??"]
[Round "?"]
[White "Salakhova, Gulnar"]
[Black "Stripunsky, Alexander"]
[Result "0-1"]
[WhiteElo "2240"]
[BlackElo "2495"]

1.e4 c5 2.c3 Nf6 3.e5 Nd5 4.d4 cxd4 5.Qxd4 e6 6.Nf3 Nc6 7.Qe4 f5 8.Qe2 Qc7
9.g3 d6 10.Bf4 Nxf4 11.gxf4 Bd7 12.Na3 a6 13.Nc4 d5 14.Ncd2 O-O-O 15.Qe3 g5
16.Nxg5 d4 17.cxd4 Nb4 18.Bd3 h6 19.Ngf3 Nd5 20.Qe2 Nxf4 21.Qf1 Kb8 22.Rg1 Bb4
23.a3 Rc8 24.Bc4 Bxd2+ 25.Nxd2 Bb5 26.Rc1 Rhd8 27.Rc3 Rxd4 28.Bxb5 Qxe5+
29.Kd1 Rcd8 30.Rc2 axb5 31.Rg3 Qd5 32.Qe1 Nd3 33.Qf1 Nxb2+ 34.Kc1 Rxd2 35.Kxb2 Rxc2+
36.Kxc2 Qa2+  0-1

[Event "Pardubice op"]
[Site "Pardubice"]
[Date "1995.??.??"]
[Round "?"]
[White "Dolezal, Radoslav Jr"]
[Black "Vasilchenko, Oleg"]
[Result "1-0"]
[WhiteElo "2260"]
[BlackElo "2430"]

1.e4 c5 2.c3 Nf6 3.e5 Nd5 4.d4 cxd4 5.Nf3 e6 6.cxd4 b6 7.Bc4 Bb7 8.O-O Be7
9.Nbd2 Qc7 10.Re1 O-O 11.Bb3 d6 12.Ne4 dxe5 13.dxe5 Nd7 14.Bg5 Bxg5 15.Nexg5 Nc5
16.Rc1 Qe7 17.Bc2 h6 18.Ne4 Nxe4 19.Bxe4 Rfd8 20.Qb3 Nf4 21.Rc4 Bxe4 22.Rexe4 Nd5
23.Re1 b5 24.Rc2 Nb4 25.Rc3 a6 26.a3 Nd5 27.Rc2 Nf4 28.g3 Nd3 29.Re3 Nc5
30.Qb4 Rd5 31.Rec3 Qb7 32.Rxc5 Rxc5 33.Qxc5 Qxf3 34.Qc6 Qd1+ 35.Kg2 Rd8 36.Qe4 Qb1
37.h4 h5 38.Qe2 g6 39.Rc7 Rd1 40.Qf3  1-0

[Event "Pardubice op"]
[Site "Pardubice"]
[Date "1995.??.??"]
[Round "?"]
[White "Keitlinghaus, Ludger"]
[Black "Jaracz, Pawel"]
[Result "1/2-1/2"]
[WhiteElo "2500"]
[BlackElo "2395"]

1.e4 c5 2.c3 Nf6 3.e5 Nd5 4.g3 Nc6 5.Bg2 e6 6.Nf3 Qc7 7.Qe2 Be7 8.O-O a6
9.d3 O-O 10.c4 Nb6 11.Bf4 d6 12.Nc3 dxe5 13.Nxe5 Nd4 14.Qh5 Qd8 15.Be4 Nf5
16.g4 g6 17.Qh3 Nd6 18.Bh6 Re8 19.Rad1 Nd7 20.f4 Bf6 21.Qg3 Qc7 22.h4 Rb8
23.Rde1  1/2-1/2

[Event "Paris op"]
[Site "Paris"]
[Date "1995.??.??"]
[Round "?"]
[White "Afek, Yochanan"]
[Black "Ikonnikov, Vyacheslav"]
[Result "1/2-1/2"]
[WhiteElo "2370"]
[BlackElo "2555"]

1.e4 c5 2.c3 Nf6 3.e5 Nd5 4.Nf3 Nc6 5.Bc4 Nb6 6.Bb3 d5 7.exd6 Qxd6 8.O-O Be6
9.Bxe6 Qxe6 10.d4 cxd4 11.Nxd4 Nxd4 12.Qxd4 Rd8 13.Qh4 Qe2 14.Qg3 e6 15.Nd2 Bd6
16.Qxg7 Be5 17.Qg5 Rd3 18.Nb3 h6 19.Qh4 Rd1 20.Nd2 Rxd2 21.Bxd2 Qxd2 22.Rad1 Qg5
23.Qe4 Qf4 24.Qxf4 Bxf4 25.c4 Ke7 26.b3 Bd6 27.Rd3 Bc5 28.Re1 Nd7 29.Kf1 b6
30.Re4 h5 31.Rf3 f6 32.Rg3 Kf7 33.Rd3 Ke7 34.Rg3 f5 35.Re2 Kf7 36.Rd3 Nf6
37.f3 a5 38.Red2 Ke7 39.Re2 h4 40.Rd1 Bb4 41.a3 Bxa3 42.Rde1 Kf7 43.Rxe6 Bc5
44.Rc6 Rd8 45.Re5 Kg6 46.Ree6 Bd4 47.Red6 Rxd6 48.Rxd6 Bc5 49.Rd8 Kg7 50.Ke2  1/2-1/2

[Event "World op"]
[Site "Philadelphia"]
[Date "1995.??.??"]
[Round "4"]
[White "Sevillano, Enrico"]
[Black "Yee, Patrick"]
[Result "1-0"]
[WhiteElo "2440"]
[BlackElo "2265"]

1.e4 c5 2.c3 Nf6 3.e5 Nd5 4.d4 cxd4 5.Nf3 Nc6 6.Bc4 Nb6 7.Bb3 d5 8.exd6 e6
9.Nxd4 Nxd4 10.Qxd4 Qxd6 11.Be3 Qxd4 12.Bxd4 Bd7 13.Nd2 Bc6 14.O-O Be7 15.a4 Nd5
16.f3 O-O 17.Rfe1 Rfd8 18.Bc2 Bf6 19.Nb3 Bxd4+ 20.Nxd4 Rac8 21.a5 Be8 22.Be4 h6
23.g3 Kf8 24.f4 Rd6 25.Bg2 g6 26.Re5 Rcd8 27.Nb3 b6 28.Bxd5 Rxd5 29.Rxd5 Rxd5
30.axb6 axb6 31.Nd4 e5 32.fxe5 Rxe5 33.Kf2 h5 34.Ra6 b5 35.Ra5 Kg7 36.b4 f6
37.Ra7+ Kh6 38.Rc7 g5 39.h3 g4 40.h4 Kg6 41.Ne2 Kf5 42.Nf4 Ke4 43.Ke2 Kf5+
44.Kd3 Re1 45.Rc5+ Re5 46.Kd4 Bf7 47.Nd3 Rxc5 48.bxc5 Ke6 49.c4 bxc4 50.Kxc4 Be8
51.Kd4 Kd7 52.Nf4 Kc6 53.Nd5 Bf7 54.Nxf6 Bg6 55.Nd5 Bf7 56.Nb4+ Kb5 57.Nd3 Bc4
58.Ne5 Ba2 59.c6 Kb6 60.Ke4 Kc7 61.Kf5 Kd6 62.Kf6 Bb3 63.Nd3 Kxc6 64.Nf4 Kc5
65.Nxh5 Kd4 66.Kg5 Ke4 67.Kxg4 Be6+ 68.Kg5 Kf3 69.Ng7 Bh3 70.h5 Kxg3 71.h6  1-0

[Event "World op"]
[Site "Philadelphia"]
[Date "1995.??.??"]
[Round "8"]
[White "Trujillo, Omar"]
[Black "Rueda, Libardo"]
[Result "1-0"]
[WhiteElo "2270"]
[BlackElo "2295"]

1.e4 c5 2.c3 Nf6 3.e5 Nd5 4.d4 cxd4 5.cxd4 d6 6.Nf3 Nc6 7.Bc4 e6 8.O-O dxe5
9.Nxe5 Nxe5 10.dxe5 Be7 11.Qg4 Kf8 12.Rd1 Qc7 13.Qe2 Nb6 14.Bb3 Bd7 15.Nc3 h6
16.Bf4 Bg5 17.Bg3 g6 18.Ne4 Bc6 19.f4 Bxe4 20.Qxe4 Be7 21.Rac1 Bc5+ 22.Kh1 Qe7
23.Qe1 Rc8 24.f5 exf5 25.e6 Bb4 26.Qe5 f6 27.Rxc8+ Nxc8 28.Qb8 Qe8 29.Ba4 Qxe6
30.Bd7 Qe2 31.Qxc8+ Kg7 32.Qc1 Rd8 33.Bc7 Rf8 34.a3 Bc5 35.Re1 Qf2 36.Bg3 Qd4
37.Rd1 Qe3 38.Qxe3 Bxe3 39.Bd6 Rg8 40.g3 Bb6 41.Be7 Bd8 42.Bc5 b6 43.Bd6 h5
44.Re1 h4 45.gxh4 Kh6 46.Re8 Rxe8 47.Bxe8 g5 48.Kg2 f4 49.Kf3 f5 50.hxg5+  1-0

[Event "World op"]
[Site "Philadelphia"]
[Date "1995.??.??"]
[Round "9"]
[White "Sevillano, Enrico"]
[Black "Gurevich, Dmitry"]
[Result "1/2-1/2"]
[WhiteElo "2440"]
[BlackElo "2530"]

1.e4 c5 2.c3 Nf6 3.e5 Nd5 4.d4 cxd4 5.Nf3 Nc6 6.Bc4 Nb6 7.Bb3 d5 8.exd6 Qxd6
9.Na3 a6 10.O-O Bf5 11.Nxd4 Nxd4 12.cxd4 e6 13.Qf3 Qd7 14.Nc2 Bxc2 15.Bxc2 Bd6
16.Be4 O-O-O 17.Bf4 Qe7 18.Rac1+ Kb8 19.Rfe1 Bxf4 20.Qxf4+ Rd6 21.Rc3 Rd8
22.b4 Qf6 23.Qg3 Qxd4 24.Rd3 Qxb4 25.Red1 Nc8 26.Bxh7 g6 27.h4 Qc5 28.Rc3 Qxc3
29.Qxc3 Rxd1+ 30.Kh2 R1d5 31.g4 Nd6 32.Qf6 Rc8 33.Bxg6 fxg6 34.Qxg6 Rd2 35.h5 Rxf2+
36.Kg3 Rcf8 37.Qxe6 R8f3+ 38.Kh4 Nf7 39.g5 Rf4+ 40.Kg3 R4f3+ 41.Kh4 Rg2 42.Qe8+ Ka7
43.Qe4 Rh2+ 44.Kg4 Rfh3 45.Qd4+ Ka8 46.Qf6 Rh4+ 47.Kg3 R2h3+ 48.Kg2 Rh2+
49.Kg3 R4h3+ 50.Kg4  1/2-1/2

[Event "CZE-ch U16"]
[Site "Plzen"]
[Date "1995.??.??"]
[Round "?"]
[White "Babula, Pavel"]
[Black "Cvek, Robert"]
[Result "1/2-1/2"]
[WhiteElo "2080"]
[BlackElo "2285"]

1.e4 c5 2.c3 Nf6 3.e5 Nd5 4.d4 cxd4 5.Nf3 Nc6 6.cxd4 d6 7.Bc4 Nb6 8.Bb5 dxe5
9.Nxe5 Bd7 10.Bxc6 Bxc6 11.Nxc6 bxc6 12.O-O g6 13.Re1 Bg7 14.Bg5 Nc8 15.Qa4 Qd7
16.Nc3 h6  1/2-1/2

[Event "POR-ch"]
[Site "POR"]
[Date "1995.??.??"]
[Round "3"]
[White "Quadrio, Alexandre"]
[Black "Galego, Luis"]
[Result "1/2-1/2"]
[WhiteElo "2225"]
[BlackElo "2430"]

1.e4 c5 2.c3 Nf6 3.e5 Nd5 4.d4 cxd4 5.Nf3 e6 6.cxd4 d6 7.Bc4 Nb6 8.Bb3 Nc6
9.Qe2 dxe5 10.dxe5 Nb4 11.O-O Qd3 12.Re1 Qxe2 13.Rxe2 Bd7 14.Nc3 Bc5 15.Bg5 Bc6
16.Rd1 h6 17.Be3 Bxe3 18.Rxe3 Ke7 19.Nd4 Rhd8 20.g3 Rd7 21.Nxc6+ Nxc6 22.Rxd7+ Nxd7
23.f4 g5 24.Ba4 Rg8 25.Kf2 gxf4 26.gxf4 Rg4 27.Bxc6 bxc6 28.Ne2 Rg8 29.Ra3 Rb8
30.b3 Rb7 31.Nd4 Nb8 32.Ra5 Kd7 33.Rc5 Rb4 34.Ke3 Rb6 35.f5 exf5 36.Nxf5 Na6
37.Ra5 c5 38.Nd6 f6 39.Nc4 Re6 40.Kf4 fxe5+ 41.Nxe5+ Kc7 42.Kf5 Rd6 43.Nc4 Rc6  1/2-1/2

[Event "Porto San Giorgio op"]
[Site "Porto San Giorgio"]
[Date "1995.??.??"]
[Round "?"]
[White "De Vita, Igor"]
[Black "Sax, Gyula"]
[Result "0-1"]
[WhiteElo "2140"]
[BlackElo "2535"]

1.e4 c5 2.c3 Nf6 3.e5 Nd5 4.d4 cxd4 5.cxd4 d6 6.Nf3 Nc6 7.Bc4 Nb6 8.Bb5 dxe5
9.Nxe5 Bd7 10.Bxc6 Bxc6 11.Nxc6 bxc6 12.O-O g6 13.Re1 Bg7 14.Bg5 Nc8 15.Qa4 O-O
16.Nc3 Qb6 17.Rad1 e6 18.Rd2 h6 19.Be3 Qc7 20.Rc2 Rd8 21.Ne4 Ne7 22.g3 Rd5
23.Rc5 Rad8 24.Rec1 Qd7 25.R1c4 e5 26.Rxd5 cxd5 27.Nc5 Qg4 28.Rc1 exd4 29.Qxa7 Nc6
30.Qa4 Ne5 31.Bf4 Nf3+ 32.Kg2 Nh4+ 33.Kg1  0-1

[Event "Porto San Giorgio op"]
[Site "Porto San Giorgio"]
[Date "1995.??.??"]
[Round "?"]
[White "Guido, Flavio"]
[Black "Marinelli, Tullio"]
[Result "1-0"]
[WhiteElo "2330"]
[BlackElo "2425"]

1.e4 c5 2.c3 Nf6 3.e5 Nd5 4.d4 cxd4 5.Nf3 Nc6 6.Bc4 Nb6 7.Bb3 d5 8.exd6 Qxd6
9.O-O Bf5 10.Nxd4 Nxd4 11.cxd4 g6 12.Re1 Bg7 13.Bg5 Nc8 14.Qf3 O-O 15.Qxb7 Rb8
16.Qf3 Qxd4 17.Nc3 Be6 18.Rad1 Qc5 19.Be3 Qf5 20.Qxf5 Bxf5 21.Bc5 Rb7 22.Ba3 Rd7
23.Nd5 Be6 24.Rxe6 fxe6 25.Nf6+ Bxf6 26.Bxe6+ Kg7 27.Rxd7 Be5 28.g3 Kf6 29.Bh3 h6
30.b3 Bd6 31.Bxd6 exd6 32.Rc7 Nb6 33.Rxa7 Ke5 34.Re7+ Kd5 35.Bg2+ Kc5 36.Rc7+ Kb4
37.Bf1 Ka5 38.Rc6 Nc8 39.a3  1-0

[Event "Portoroz op"]
[Site "Portoroz"]
[Date "1995.??.??"]
[Round "?"]
[White "Piber, Vinko"]
[Black "Turuncic, Bojan"]
[Result "1-0"]
[WhiteElo "2030"]
[BlackElo "2135"]

1.e4 c5 2.c3 Nf6 3.e5 Nd5 4.Bc4 Nb6 5.Bb3 e6 6.Nf3 Nc6 7.O-O d5 8.d4 Nd7
9.Re1 Be7 10.Bc2 Qb6 11.a3 a5 12.a4 cxd4 13.cxd4 Nf8 14.Re3 Nb4 15.Rb3 Qc7
16.Rc3 Qb6 17.Na3 Bd7 18.Bb1 f6 19.exf6 Bxf6 20.Bf4 Nc6 21.Nb5 e5 22.Nxe5 Nxe5
23.dxe5 Be7 24.Nc7+ Kd8 25.Nxd5 Qxb2 26.Ra2 Bxa4 27.Rxa4 Nd7 28.Ra2 Qb5 29.Bf5 Bc5
30.Bg5+ Kc8 31.Bxd7+ Kxd7 32.e6+ Kc8 33.Rxc5+  1-0

[Event "Portoroz op"]
[Site "Portoroz"]
[Date "1995.??.??"]
[Round "?"]
[White "Piber, Vinko"]
[Black "Saradjen, Janko"]
[Result "0-1"]
[WhiteElo "2030"]
[BlackElo "2170"]

1.e4 c5 2.c3 Nf6 3.e5 Nd5 4.Nf3 d6 5.d4 Nc6 6.exd6 exd6 7.c4 Nf6 8.d5 Nb8
9.Bd3 Be7 10.Nc3 Bg4 11.h3 Bh5 12.O-O Nbd7 13.Bf4 O-O 14.Re1 a6 15.a4 b6
16.Re3 Re8 17.g4 Bg6 18.Kg2 Nf8 19.Ne4 Nxe4 20.Bxe4 Qd7 21.Qb3 Rab8 22.Rae1 b5
23.axb5 axb5 24.cxb5 Bf6 25.b6 Rxe4 26.Rxe4 Bxe4 27.Rxe4 Bd8 28.Qa4 Qxa4
29.Rxa4 Rxb6 30.Ra8 Be7 31.Nd2 Rb4 32.Bg3 Rd4 33.Nf3 Rxd5 34.Re8 Bf6 35.h4 g6
36.g5 Bxb2 37.Rd8 Bg7 38.Bxd6 c4 39.Be7 Rxd8 40.Bxd8 c3 41.Ne1 Ne6 42.Bb6 Nd4
43.Bxd4 Bxd4 44.Nc2 Bc5 45.Kf3 Kf8 46.Ke2 Ke7 47.Ne3 Bxe3 48.fxe3 Ke6 49.Kd3 Kf5
50.Kxc3 Kg4 51.Kd3  0-1

[Event "Prague Mladi op"]
[Site "Prague"]
[Date "1995.??.??"]
[Round "6"]
[White "Pcola, Pavel"]
[Black "Cvek, Robert"]
[Result "1/2-1/2"]
[WhiteElo "2305"]
[BlackElo "2285"]

1.e4 c5 2.c3 Nf6 3.e5 Nd5 4.d4 cxd4 5.Nf3 d6 6.cxd4 e6 7.Nc3 Nxc3 8.bxc3 Qc7
9.Bd2 dxe5 10.Nxe5 Nd7 11.f4 Be7 12.Bd3 O-O 13.O-O f5 14.Qb3 Qb6 15.Rfe1 Qxb3
16.axb3 Nxe5 17.Rxe5 Bd6 18.Re2 Bd7 19.c4 Be7 20.c5 Bf6 21.Bc3 b6  1/2-1/2

[Event "CZE Moravia-ch (Women)"]
[Site "Prerov"]
[Date "1995.??.??"]
[Round "3"]
[White "Kupcova, Klara"]
[Black "Slepankova, Radka"]
[Result "1/2-1/2"]
[WhiteElo "1815"]
[BlackElo "2030"]

1.e4 c5 2.c3 Nf6 3.e5 Nd5 4.Nf3 Nc6 5.Bc4 e6 6.O-O d6 7.Bxd5 exd5 8.exd6 Qxd6
9.d4 Be7 10.dxc5 Qxc5 11.Nbd2 O-O 12.Nb3 Qd6 13.Nfd4 a6 14.Re1 Bf6 15.Be3 Ne7
16.Qd2 Ng6 17.Nf3 b6 18.Bg5 Bb7 19.Bxf6 Qxf6 20.Nbd4 h6 21.Re3  1/2-1/2

[Event "DEN-ch"]
[Site "Ringsted"]
[Date "1995.??.??"]
[Round "4"]
[White "Schandorff, Lars"]
[Black "Kjeldsen, Jens"]
[Result "1/2-1/2"]
[WhiteElo "2450"]
[BlackElo "2410"]

1.e4 c5 2.c3 Nf6 3.e5 Nd5 4.Nf3 e6 5.Bc4 Nb6 6.Bb3 d5 7.exd6 Bxd6 8.d4 Nc6
9.O-O O-O 10.Qe2 Bd7 11.Bg5 Be7 12.Bf4 cxd4 13.cxd4 Bf6 14.Rd1 Nd5 15.Be5 Rc8
16.Nbd2 Na5 17.Bxd5 exd5 18.Nf1 Be7 19.Ne3 Be6 20.Ne1 Nc4  1/2-1/2

[Event "DEN-ch"]
[Site "Ringsted"]
[Date "1995.??.??"]
[Round "7"]
[White "Antonsen, Mikkel"]
[Black "Schandorff, Lars"]
[Result "0-1"]
[WhiteElo "2400"]
[BlackElo "2450"]

1.e4 c5 2.c3 Nf6 3.e5 Nd5 4.d4 cxd4 5.Nf3 e6 6.cxd4 b6 7.Nc3 Nxc3 8.bxc3 Qc7
9.Bd2 Bb7 10.Bd3 d6 11.O-O Nd7 12.Bf4 Be7 13.Rc1 O-O 14.Bb1 g6 15.Re1 Bxf3
16.Qxf3 dxe5 17.dxe5 Rac8 18.g3 Rfd8 19.h4 Nc5 20.h5 Qc6 21.Qe3 Rd7 22.Bg5 Bxg5
23.Qxg5 Qf3 24.h6 Rcd8 25.Rf1 f6 26.exf6 Rd5 27.Qe3 Qxf6 28.c4 Rd2 29.Rce1 Qd4
30.Qg5 Rf8 31.Re3 Qb2 32.Bxg6 hxg6 33.Qxg6+ Kh8 34.Qg4 Qd4 35.Qg5 Qf6 36.Qg4 Rd7
37.Kg2 Rh7  0-1

[Event "Rishon Le Ziyyon YM"]
[Site "Rishon Le Ziyyon"]
[Date "1995.??.??"]
[Round "4"]
[White "Har Zvi, Ronen"]
[Black "Shmuter, Leonid"]
[Result "1-0"]
[WhiteElo "2500"]
[BlackElo "2480"]

1.e4 c5 2.c3 Nf6 3.e5 Nd5 4.d4 cxd4 5.Nf3 d6 6.cxd4 Nc6 7.Bc4 Nb6 8.Bb3 d5
9.Nh4 e6 10.Nf3 Bd7 11.Nc3 Be7 12.Bc2 Nc4 13.O-O Qa5 14.a3 O-O-O 15.Qd3 g5
16.b3 g4 17.Ng5 N6xe5 18.dxe5 Nxe5 19.Qg3 Bd6 20.Bf4 Qc7 21.Rfe1 Nf3+ 22.Nxf3 Bxf4
23.Qxg4 Rhg8 24.Qh4 f5 25.Bxf5 Kb8 26.Bxe6 Bxe6 27.Nb5 Qf7 28.Rxe6 Rd6 29.Nxd6 Qg7
30.g3  1-0

[Event "Rishon Le Ziyyon YM-IM"]
[Site "Rishon Le Ziyyon"]
[Date "1995.??.??"]
[Round "4"]
[White "Zifroni, Dov"]
[Black "Gershon, Alik"]
[Result "1-0"]
[WhiteElo "2370"]
[BlackElo "2340"]

1.e4 c5 2.c3 Nf6 3.e5 Nd5 4.Nf3 Nc6 5.Bc4 Nb6 6.Be2 d6 7.exd6 Qxd6 8.d4 cxd4
9.cxd4 Bg4 10.Nc3 e6 11.O-O Be7 12.h3 Bh5 13.Nb5 Qd7 14.Ne5 Nxe5 15.dxe5 Bxe2
16.Qxe2 Nd5 17.Rd1 a6 18.Nd4 O-O 19.Qg4 Kh8 20.Bg5 Bc5 21.Nf5 f6 22.Rxd5 exd5
23.e6 Qxe6 24.Bh6 g6 25.Bg7+ Kg8 26.Nh6+ Kxg7 27.Qxe6 Kxh6 28.Qxd5 b6 29.Rd1 a5
30.a3 a4 31.Qc6 Rfd8 32.Rxd8 Rxd8 33.Qxf6 Rf8 34.Qh4+ Kg7 35.Qxa4 Rxf2 36.b4 Be3
37.Qe8 Rf3+ 38.Kh1 Rf1+ 39.Kh2 Bg1+ 40.Kg3 Bf2+ 41.Kg4 Bg1 42.Qe5+ Rf6 43.h4 h5+
44.Kh3 Kf7 45.Qc7+ Ke6 46.a4 Kd5 47.Qd8+ Rd6 48.Qg5+ Ke4 49.g4  1-0

[Event "Rishon Le Ziyyon YM"]
[Site "Rishon Le Ziyyon"]
[Date "1995.??.??"]
[Round "8"]
[White "Finkel, Alexander"]
[Black "Alterman, Boris"]
[Result "1/2-1/2"]
[WhiteElo "2505"]
[BlackElo "2575"]

1.e4 c5 2.c3 Nf6 3.e5 Nd5 4.Nf3 Nc6 5.Bc4 Nb6 6.Be2 g6 7.d4 cxd4 8.cxd4 Bg7
9.Nc3 O-O 10.d5 Nxe5 11.Nxe5 Bxe5 12.Bh6 Re8 13.f4 Bf6 14.f5 d6 15.fxg6 hxg6
16.O-O Nd7 17.Qd3 Qb6+ 18.Kh1 Qxb2 19.Rac1 Ne5 20.Qg3 Bg7 21.Rb1 Qa3 22.Bb5 Rf8
23.Bg5 f6 24.Bf4 Bf5 25.Rb3 Qa5 26.h4 a6 27.Be2 Rac8 28.h5 Bc2 29.hxg6 Nxg6
30.Bd2 Kf7 31.Bg4 Rh8+ 32.Kg1 f5 33.Bxf5 Bd4+ 34.Be3 Bxe3+ 35.Qxe3 Bxf5 36.Rxf5+ Kg7
37.Qd4+ Kg8 38.Rg5 Rh6 39.Rg3 Qc5 40.Qxc5 Rxc5 41.Rxb7 Kf7 42.Rf3+ Kg7 43.Rg3 Kf7
44.Rf3+  1/2-1/2

[Event "ROM-chT"]
[Site "ROM"]
[Date "1995.??.??"]
[Round "?"]
[White "Marin Ionescu, Luiza"]
[Black "Smokina, Karolina"]
[Result "1-0"]
[WhiteElo "2155"]
[BlackElo "2165"]

1.e4 c5 2.c3 Nf6 3.e5 Nd5 4.g3 d6 5.exd6 Qxd6 6.Bg2 Nc6 7.Ne2 Bg4 8.O-O e6
9.Na3 Be7 10.Nc4 Qd7 11.a4 Bf6 12.Re1 O-O 13.Qb3 Rad8 14.d3 Rfe8 15.a5 Rb8
16.Nf4 Nxf4 17.Bxf4 e5 18.Be3 Qxd3 19.Bxc5 Be6 20.Bf1 Qd5 21.Qa3 e4 22.Nd6 Ne5
23.Bg2 Nf3+ 24.Bxf3 exf3 25.c4 Qh5 26.Nxe8 Bxb2 27.Qxb2 Rxe8 28.Qxb7 Qxc5
29.Qxf3 Qxc4 30.Qb7 Rc8 31.Rad1 a6 32.Re4 Qc2 33.Red4 h6 34.Qxa6 g6 35.Rd8+ Kh7
36.Qd3 Qa4 37.Qd4 Qxd4 38.R8xd4 Ra8 39.Ra1  1-0

[Event "ROM-chT"]
[Site "ROM"]
[Date "1995.??.??"]
[Round "?"]
[White "Marin Ionescu, Luiza"]
[Black "Nutu Gajic, Dana"]
[Result "0-1"]
[WhiteElo "2155"]
[BlackElo "2320"]

1.e4 c5 2.c3 Nf6 3.e5 Nd5 4.g3 e6 5.Bg2 d6 6.exd6 Bxd6 7.Nf3 Nc6 8.O-O O-O
9.d3 b6 10.Na3 Bb7 11.Nc4 Be7 12.a4 Qc7 13.Qe2 Rad8 14.Re1 h6 15.Bd2 Ba6
16.Rad1 Bf6 17.Nfe5 Nxe5 18.Nxe5 Bxe5 19.Qxe5 Qxe5 20.Rxe5 Nf6 21.a5 Bxd3
22.axb6 axb6 23.Bf4 g5 24.Bc1 Bc2 25.Rxd8 Rxd8 26.Re1 Bb3 27.f4 Nh7 28.fxg5 hxg5
29.h4 f6 30.hxg5 Nxg5 31.Bf4 Kf7 32.Bc7 Rd2 33.Bxb6 Bd5 34.Bxd5 exd5 35.Re3 c4
36.Bd4 Rxb2 37.Kf1 Ne4 38.Kg1 Kg6 39.Rf3 Rd2 40.g4 Rd3 41.Rf5 Nxc3 42.Rxf6+ Kg5
43.Bxc3 Rxc3 44.Rf5+ Kxg4 45.Rxd5 Kf3 46.Rf5+ Ke2 47.Re5+ Re3 48.Rc5 c3 49.Rc8 Rg3+
50.Kh2 Rd3 51.Kg2 Kd2  0-1

[Event "ROM-chT"]
[Site "ROM"]
[Date "1995.??.??"]
[Round "?"]
[White "Vajda, Levente"]
[Black "Tuta, Octavian"]
[Result "1-0"]
[WhiteElo "2320"]
[BlackElo "2135"]

1.e4 c5 2.c3 Nf6 3.e5 Nd5 4.d4 cxd4 5.Nf3 Nc6 6.Bc4 Nb6 7.Bb3 d6 8.exd6 exd6
9.cxd4 Bf5 10.O-O Be7 11.Nc3 O-O 12.Bf4 Rc8 13.Re1 a6 14.Rc1 g5 15.Bg3 g4
16.Nd2 Bg5 17.Nce4 Nxd4 18.Rxc8 Nxc8 19.Nxg5 Nxb3 20.Nxf7 Rxf7 21.Nxb3 Qd7
22.Nd4 Bg6 23.Ne6 h5 24.h4 b5 25.Nf4 Qf5 26.Qd4 Rc7 27.b3 Bf7 28.Bh2 Rc2
29.Nd3 Rd2 30.Re3 Bg6 31.Qc3 Rxa2 32.Nb4 Ra5 33.Nd5 b4 34.Qxc8+  1-0

[Event "Rostov on Don (Women)"]
[Site "Rostov"]
[Date "1995.??.??"]
[Round "8"]
[White "Kulish, Irina"]
[Black "Galliamova, Alisa"]
[Result "1/2-1/2"]
[WhiteElo "2245"]
[BlackElo "2475"]

1.e4 c5 2.c3 Nf6 3.e5 Nd5 4.d4 cxd4 5.Qxd4 e6 6.Nf3 Nc6 7.Qe4 d6 8.Nbd2 Be7
9.Bb5 O-O 10.exd6 Qxd6 11.O-O Bd7 12.Re1 Rae8 13.g3 Qc7 14.Bf1 f5 15.Qd3 Bf6
16.a4 g5 17.Nc4 g4 18.Nd4 Nxd4 19.cxd4 b5 20.axb5 Bxb5 21.Bh6 Rf7 22.Qb3 Qb8
23.Bg2 Bxc4 24.Qxc4 Nb6 25.Qb3 Qd6 26.Bf4 Qxd4 27.Rxe6 Rxe6 28.Qxe6 Qd7 29.Qb3 Kg7
30.Rd1 Qe8 31.Be3 Qa4 32.Qxa4 Nxa4 33.b3 Nc3 34.Rd6 Be5 35.Ra6 f4 36.gxf4 Ne2+
37.Kf1 Nxf4 38.Rxa7 Rxa7 39.Bxa7 Ne6 40.Kg1 Nf4 41.b4 Ne2+ 42.Kf1 Nc3 43.h3 gxh3
44.Bxh3 Kf6 45.Ke1 Bd6 46.Bd4+ Be5 47.Bxe5+ Kxe5 48.Kd2 Kd4 49.Bf1 Nd5 50.b5 Kc5
51.Kd3 Nc7 52.Ke4 Nxb5 53.Bxb5 Kxb5 54.Ke5 Kc6 55.f4 Kd7 56.Kf6 h5 57.Kg5 Ke6
58.f5+ Kf7  1/2-1/2